Normal view
MARC view
- Murray r. Spiegel, Larry j. Stephens
Entry Personal Name
001 - CONTROL NUMBER
- control field: 24045
003 - CONTROL NUMBER IDENTIFIER
- control field: NUST
005 - DATE AND TIME OF LATEST TRANSACTION
- control field: 20191015125935.0
008 - FIXED-LENGTH DATA ELEMENTS
- fixed length control field: 191015|| aca||aabn | a|a d
040 ## - CATALOGING SOURCE
- Original cataloging agency: NUST
- Transcribing agency: NUST
100 ## - HEADING--PERSONAL NAME
- Personal name: Murray r. Spiegel, Larry j. Stephens
670 ## - SOURCE DATA FOUND
- Source citation: Work cat.: (NUST): Murray r. Spiegel, Larry j. Stephens, Schaums Outline of Statistics 3rd Edition
